000 00304nam a22001337a 4500
003 OSt
008 220825b |||||||| |||| 00| 0 eng d
100 _aNATMO
_95245
245 _aAtlas of agricultural resources of india
250 _a1st
260 _akolkata
_bnatmo
300 _a93
_bmaps
942 _cBK
999 _c17546
_d17546